000
00277nam a2200109Ia 4500
008
190216s9999||||xx |||||||||||||| ||und||
100
_a
Haji M Muhamed Kannu
245
0
_a
Vakkom Moulaviyum Navodana Nayagankmarum
260
_b
Goolisthan Tvm
650
_a
Lekhanam
942
_c
BK
999
_c
25651
_d
25651